| 000 | 01175cam a2200325 a 4500 | ||
|---|---|---|---|
| 001 | 15220743 | ||
| 003 | OSt | ||
| 005 | 20230602112646.0 | ||
| 008 | 080314s2008 nyuab 000 0 eng | ||
| 015 |
_aGBA888063 _2bnb |
||
| 016 | 7 |
_a014668405 _2Uk |
|
| 020 | _a9780393067774 (hardcover) | ||
| 020 | _a0393067777 (hardcover) | ||
| 035 | _a(OCoLC)213765656 | ||
| 035 | _a(OCoLC)ocn213765656 | ||
| 040 |
_aDLC _cDLC _dBAKER _dBTCTA _dUKM _dYDXCP _dC#P _dBWX _dCDX _dDLC |
||
| 043 | _af-ke--- | ||
| 082 | 0 | 0 |
_a967.62 _bPAV |
| 100 | 1 | _aPavitt, Nigel. | |
| 245 | 1 | 0 |
_aKenya : _ba country in the making, 1880-1940 / _cNigel Pavitt. |
| 250 | _a1st ed. | ||
| 260 |
_aNew York : _bW.W. Norton & Co., _cc2008. |
||
| 300 |
_axii, 303 p. : _bill., map ; _c26 x 34 cm. |
||
| 651 | 0 |
_aKenya _xHistory _vPictorial works. |
|
| 651 | 0 |
_aKenya _xSocial life and customs _vPictorial works. |
|
| 856 | 4 | 1 |
_3Table of contents only _uhttp://www.loc.gov/catdir/toc/ecip0813/2008010789.html |
| 906 |
_a7 _bcbc _corignew _d1 _eecip _f20 _gy-gencatlg |
||
| 942 |
_2ddc _cBK |
||
| 999 |
_c96 _d96 |
||